00403nam a2200169Ia 4500003000400000005001700004008004100021020001500062040000600077041001200083082002100095100003500116245002400151260003000175300000800205650002000213OSt20250113115913.0231217s9999 xx 000 0 und d a8170002451 c0 aEnglish a025.04 AMB;1 R aAmba, Sanjeevi. Raghavan, K S. 0aCDS/ISIS : a primer c1999bEss ESS pubaMadras a173 aCDS/ISIS,primer